| 000 | 01106nam a2200217 a 4500 | ||
|---|---|---|---|
| 001 | 56608 | ||
| 005 | 20180714052437.0 | ||
| 008 | 140415s2004 mx 000 0 spa d | ||
| 020 | _a9688636584 | ||
| 041 | _aspa | ||
| 082 |
_a146.32 _bALT |
||
| 100 | 1 | _aALTIERI MEGALE, ANGELO | |
| 245 | 1 | 0 | _aBREVE HISTORIA DE LA DIALECTICA |
| 250 | _a1a ed. | ||
| 260 |
_aMEXICO : _bBENEMERITA UNIVERSIDAD AUTONOMA DE PUEBLA, _c2004 |
||
| 300 |
_a195 _c13.5 x 0.5 x 20.9 |
||
| 490 | _aTEXTOS UAP | ||
| 500 | _aCOLECCIÓN PUEBLA | ||
| 520 | _aARISTOTELES RECONOCE AN ZENON AL INVENTOR DEL ARTE DIALECTICO O ARTE DEL DIALOGO, A CAUSA DE SU DESTREZA EN PONER AL ADVERSARIO EN CONTRADICCION CONSIGO MISMO, CUALQUIERA QUE SEA EL CAMINO QUE EMPRENDA. PARA PLATON,DIALECTICO ES TODO PREOCEDIMIENTO RACIONAL TENDENTE A DESCUBRIR LA VERDAD MEDIANTE EL DIALOGO INTERIOR: AL QUE SABE PREGUNTAR Y RESPONDER ¿COMO LO LLAMAREMOS NOSOTROS SINO DIALECTICO?. LOS ESTOICOS CONCIBEN LA DIALECTICA COMO LA CIENCIA DE DISCUTIR RECTAMETE EN LOS DISCURSOS | ||
| 650 | 1 | 4 |
_aMATERIALISMO DIALECTICO _xDIALECTICA _xHISTORIA |
| 999 |
_c56608 _d56608 |
||